000 00459nam a2200181Ia 4500
008 240925s9999 xx 000 0 und d
020 _aNA
082 _a796.44 THO
100 _aThomson ,A. A.
245 0 _aCricket My Happiness
250 _aNA
260 _aLondon:
_bThe Sportsmans Book Club
_c,1956.
300 _axxv,736p.
_bN.A
_fOriginal
500 _aNA
600 _aHumanities & Natural Science
650 _aArts and Recreation
942 _cBK
999 _c12094
_d12094